The Calcutta Quran petition / (Record no. 140600)

MARC details
000 -LEADER
fixed length control field 00589nam a22001937a 4500
005 - DATE AND TIME OF LATEST TRANSACTION
control field 20170531112213.0
010 ## - LCCN (DPL NO)
LC control number ENG-118476
020 ## - INTERNATIONAL STANDARD BOOK NUMBER
International Standard Book Number 9788185990583
Terms of availability 250.00
035 ## - SYSTEM CONTROL NUMBER
System control number EN-102008
037 ## - SOURCE OF ACQUISITION
Source of stock number/acquisition DBAD/PUB
082 ## - DEWEY DECIMAL CLASSIFICATION NUMBER
Classification number 270
245 ## - TITLE STATEMENT
Title The Calcutta Quran petition /
Statement of responsibility, etc compiled and edited by Sita Ram Goel
260 ## - PUBLICATION, DISTRIBUTION, ETC. (IMPRINT)
Place of publication, distribution, etc New Delhi
Name of publisher, distributor, etc Voice Of India
Date of publication, distribution, etc 2012
270 ## - ADDRESS
Address 2/18,Ansari Road
City New Delhi
Postal code 110002
300 ## - PHYSICAL DESCRIPTION
Extent xvii,257p.
Dimensions 22cm(pbk)
500 ## - GENERAL NOTE
General note Includes bibliographical references
700 ## - ADDED ENTRY--PERSONAL NAME
Personal name Goel,Sita Ram
942 ## - ADDED ENTRY ELEMENTS (KOHA)
Source of classification or shelving scheme Dewey Decimal Classification
Item type English Books
Call number suffix THE
Classification part 270.5211014
Holdings
Withdrawn status Lost status Not for loan Collection code Home library Current library Date acquired Source of acquisition Cost, normal purchase price Full call number Barcode Copy number Cost, replacement price Koha item type
    Not For Loan Non-fiction D.B.Act.Division Bawana 31/05/2017 DBAD/PUB 250.00 270 THE EN-102008 1 250.00 English Books

© Delhi Public Library
Hit Counter
free hit counter